Suomen mäki-loppuiset kunnat - Statistics

Yleistilastot
  • Tätä visaa on pelattu 502 kertaa
  • Keskiarvotulos 5 / 6
Vastaustilastot
Maakunta Kunta % Oikein
Kanta-Häme Riihimäki
83%
Etelä-Savo Pieksämäki
81%
Satakunta Kokemäki
75%
Etelä-Karjala Luumäki
74%
Varsinais-Suomi Mynämäki
73%
Pohjois-Pohjanmaa Kärsämäki
66%
Ehtoja vastaavia visoja ei löytynyt
Tulosjakauma
Jokaisen tuloksen saaneiden osuus
Persentiili vastausten määrän mukaan
Tuloshistoriasi
Et ole pelannut tätä visaa